| 000 | 00692nam a22001817a 4500 | ||
|---|---|---|---|
| 003 | OSt | ||
| 005 | 20260329133338.0 | ||
| 008 | 260329b |||||||| |||| 00| 0 eng d | ||
| 020 | _a9780815360612 | ||
| 040 | _cn | ||
| 082 | _a720.285 K65 2019 | ||
| 245 |
_aMass Customization and Design Democratization / _cedied by Branko Kolarevic, José Pinto Duarte |
||
| 260 | _bRoutledge (Taylor & Francis Group) – London / New York. 2019 | ||
| 300 | _aviii, 280 pages : illustrations (color) ; 25 cm | ||
| 650 | _aParametric design – Mass customization – Design theory – Architecture – Digital fabrication | ||
| 700 | _aBranko Kolarevic, José Pinto Duarte | ||
| 942 |
_2ddc _cBK-EN _n0 |
||
| 999 |
_c8652 _d8652 |
||